000 00945nam a22002297a 4500
999 _c2990
_d2990
003 AR-CdUCM
008 190305b ||||| |||| 00| 0 spa d
040 _aMUNICIPALIDAD PROVINCIAL DEL CUSCO
_cBIBLIOTECA MUNICIPAL DEL CUSCO
082 _a985.009 /
_bH74
100 _aHooper López, René
_910201
245 _aRaúl Porras Barrenechea /
260 _aLima :
_bVisión Peruana,
_bMonterrico,
_c1987.
300 _a63 páginas ;
_bilustraciones,
_c21 cm.
440 _aLos que hicieron el Perú, Biblioteca visión peruana.
_n9
_910202
500 _aEsta publicación es un aporte de la revista Visión Peruana" - Cubierta posterior.
505 _aContenido: Universitario en San Marcos -- En la corte suprema -- En la cancillería -- Estirpe --Imagen física -- Amor y vocación ...
650 _aBiografía
_922
650 _aHistoria
_9136
650 _aCatedrático, Abogado, Diplomático
_910203
942 _2ddc
_cLIBROS
945 _aachl